Opciones de la pequeña y mediana industria en la apertura económica /
Guardat en:
| Autor principal: | |
|---|---|
| Autor corporatiu: | , |
| Altres autors: | |
| Format: | Text |
| Publicat: |
Quito:
INSOTEC
|
| Etiquetes: |
Afegir etiqueta
Sense etiquetes, Sigues el primer a etiquetar aquest registre!
|
MARC
| LEADER | 00000 a a2200000 04500 | ||
|---|---|---|---|
| 001 | 23545 | ||
| 003 | |||
| 040 | |a CRAI/IIS |c CRAI/IIS | ||
| 020 | |a 9978-69-004-2 | ||
| 090 | |a 164700 | ||
| 100 | |a Durán, Fidel | ||
| 110 | |a Instituto de Investigaciones socio-económicas y tecnológicas | ||
| 245 | |a Opciones de la pequeña y mediana industria en la apertura económica / |c Instituto de Investigaciones socio-económicas y tecnológicas | ||
| 260 | |a Quito: |b INSOTEC | ||
| 300 | |a 193 p; n. 4 |b **no definido** | ||
| 700 | |a Mateus, Pablo |a Hidalgo, Roberto |a Palán, Carlos | ||
| 710 | |a INSOTEC | ||
| 999 | |c 3042 |d 3042 | ||



